书目信息 |
| 题名: |
中国海港概况
|
|
| 作者: | 《中国海港概况》编写组 | |
| 分册: | ||
| 出版信息: | 北京 人民交通出版社 1974 |
|
| 页数: | 123页 | |
| 开本: | 26cm | |
| 丛书名: | ||
| 单 册: | ||
| 中图分类: | U65 | |
| 科图分类: | ||
| 主题词: | 港口工程 | |
| 电子资源: | ||
| ISBN: | ||
| 000 | 00600nam0 2200193 450 | |
| 001 | 0629996553 | |
| 005 | 20060912082117.84 | |
| 010 | @dCNY0.90 | |
| 100 | @a20060912d1974 km y0chiy0120 ea | |
| 101 | 0 | @achi |
| 102 | @aCN@b110000 | |
| 200 | 1 | @a中国海港概况@Azhong guo hai gang gai kuang@f《中国海港概况》编写组@F《zhong guo hai gang gai kuang》bian xie zu |
| 210 | @a北京@c人民交通出版社@d1974 | |
| 215 | @a123页@d26cm | |
| 606 | 0 | @a港口工程 |
| 690 | @aU65@v3 | |
| 701 | 0 | @a《中国海港概况》编写组@A《zhong guo hai gang gai kuang》bian xie zu |
| 801 | 0 | @aCN@bPFT@c20060912 |
| 905 | @a10447@dU65@e177 | |
| 中国海港概况/《中国海港概况》编写组.-北京:人民交通出版社,1974 |
| 123页;26cm |
| ISBN :CNY0.90 |
| ● |
| 相关链接 |
|
|
|
|
正题名:中国海港概况
索取号:U65/177
 
预约/预借
| 序号 | 登录号 | 条形码 | 馆藏地/架位号 | 状态 | 备注 |
| 1 | 0470575 | 204705756 | 密集书库/ [索取号:U65/177] | 在馆 |